000 00474nam a22001817a 4500
003 CEME
005 20210628202554.0
008 210316b xxu||||| |||| 00| 0 eng d
020 _a0-471--10600-3
040 _c.
082 _a620.3 FER
100 _aFertis, Demeter G
_960545
245 _aMechanical and strutural vibrations
260 _aNEW YORK
_bJOHN WILEY
_c1995
300 _aXVIII,803 P
650 _aVIBRATION.MECHANICAL VIBRATIONS
_960546
942 _cBK
_2ddc
999 _c570246
_d570246